Statistics for Words in french

Click here to take the quiz!

General Stats

  • This quiz has been taken 549 times
  • The average score is 12 of 15

Answer Stats

HintAnswer% Correct
Mercithank you
99%
Bonjourhello
98%
rougered
98%
Blancwhite
98%
Au revoirgoodbye
95%
Vertgreen
95%
Rosepink
95%
Maisonhouse
91%
Chiendog
89%
Bon anniversairehappy birthday
86%
Jardingarden
84%
Bonsoirgood evening
77%
Vioturecar
75%
comme ci, comme caso-so
40%
Malsad
15%

Score Distribution

Percentile by Number Answered

Percent of People with Each Score

Your Score History

You have not taken this quiz